000 00621nam a2200205 i 4500
001 23200
003 ES-MaACL
005 20231228062552.0
007 t|
008 021209s1958 sp ||||1| spa d
100 1 _aAlonso, Dámaso,
_d1898-1990
_920195
245 1 3 _aLa poesía de San Juan de la Cruz
_b: (desde esta ladera) /
_cDámaso Alonso.
250 _a[3ª ed.].
260 _aMadrid :
_bAguilar,
_c1958 (
_fTip. Artística)
300 _a230 p. ;
_c21 cm.
490 1 _aEnsayistas hispánicos
830 0 _aEnsayistas hispánicos
_9181410
852 _aES-MaACL
_jC-15102
_bR.43115
999 _c23200
_d23200